000 00473nam a2200181Ia 4500
008 090122s9999 xx 000 0 und d
082 _b12909
100 _aभोगले
_bप्रभाकर
245 _aशाली
260 _bमेघना
_c2007
300 _a215
501 _aरोहित बुक सेंटर
600 _aभोगले
630 _aशाली
700 _aभोगले
730 _aशाली
942 _cBOOK
999 _c36986
_d36986